000 01069nam a22002537a 4500
003 BR-ViAPE
005 20260514125817.0
008 260514s2018 porabcogs|||| 001 0 por d
020 _q978-85-98928-26-5
040 _cBR-ViAPE
100 _aNascimento, Bruno César
245 _aViagens à Capitania do Espírito Santo:
_b200 anos das expedições científicas de Maximiliano de Wied-Neuwied e Auguste Saint-Hilaire
250 _a2.ed.
_brevisada e ampliada
260 _aVitória
_bArquivo Público do Estado do Espírito Santo
_c2018
300 _a166 p.
_bil.
_c21cm
300 _bLivro disponível em PDF
490 _aColeção Canaã
_vv. 27
500 _aObra disponibilizada em PDF por integrar a Coleção Canaã do APEES.
650 _aHistória
_xHistoriografia
_zEspírito Santo (Brasil)
651 _aEspírito Santo (Brasil)
710 _aArquivo Público do Estado do Espírito Santo
856 _uhttps://ape.es.gov.br/Media/ape/PDF/Viagens_%C3%A0_Capitania_do_Esp%C3%ADrito_Santo.pdf
_yCLIQUE AQUI PARA ACESSAR O DOCUMENTO
942 _2ddc
_cBK
_n1
999 _c673
_d673